|
|
|
|
| LEADER |
00000nam a2200000Ii 4500 |
| 001 |
DIGSEXPIS0018 |
| 003 |
NyNyDIG |
| 006 |
m o d |
| 007 |
cr ||||||||||| |
| 008 |
230606s2015 sp o 000 f spa d |
| 035 |
|
|
|a (OCoLC)1382358698
|
| 040 |
|
|
|a DGITA
|b eng
|e rda
|e pn
|c DGITA
|
| 020 |
|
|
|a 9788416358564
|q eBook
|
| 020 |
|
|
|z 9788416358045
|
| 041 |
1 |
|
|a spa
|h eng
|
| 043 |
|
|
|a n-us-ca
|a n-us-or
|
| 050 |
1 |
4 |
|a PS3553.A76 ebook
|
| 082 |
0 |
4 |
|a 813.54
|2 23
|
| 100 |
1 |
|
|a Carpenter, Don,
|e author.
|
| 240 |
1 |
0 |
|a Fridays at Enrico's.
|l Spanish
|s (Guerrero Gimeno)
|
| 245 |
1 |
4 |
|a Los viernes en Enrico's /
|c Don Carpenter ; terminada por Jonathan Lethem ; traducción de Javier Guerrero.
|
| 250 |
|
|
|a Primera edición.
|
| 264 |
|
1 |
|a Madrid, España :
|b Sexto Piso,
|c 2015.
|
| 300 |
|
|
|a 1 online resource.
|
| 336 |
|
|
|a text
|b txt
|2 rdacontent
|
| 337 |
|
|
|a computer
|b c
|2 rdamedia
|
| 338 |
|
|
|a online resource
|b cr
|2 rdacarrier
|
| 347 |
|
|
|a text file
|2 rdaft
|
| 347 |
|
|
|b EPUB
|
| 490 |
1 |
|
|a Narrativa Sexto Piso
|
| 588 |
0 |
|
|a Online resource; title from ePub title page (Digitalia, viewed June 6, 2023)
|
| 650 |
|
0 |
|a Beats (Persons)
|v Fiction.
|
| 650 |
|
0 |
|a Authors, American
|y 20th century
|v Fiction.
|
| 651 |
|
0 |
|a San Francisco (Calif.)
|x History
|y 20th century
|v Fiction.
|
| 651 |
|
0 |
|a Portland (Or.)
|x History
|y 20th century
|v Fiction.
|
| 700 |
1 |
|
|a Lethem, Jonathan,
|e author.
|
| 700 |
1 |
|
|a Guerrero Gimeno, Javier,
|e translator.
|
| 700 |
1 |
|
|i Translation of:
|a Carpenter, Don.
|t Fridays at Enrico's.
|
| 791 |
2 |
|
|a Digitalia (Firm),
|e distributor.
|
| 793 |
0 |
|
|g Digitalia eBook Collection:
|a Editorial Sexto Piso
|
| 776 |
0 |
8 |
|i Print version:
|a Carpenter, Don.
|s Fridays at Enrico's. Spanish (Guerrero Gimeno).
|t Viernes en Enrico's.
|b Primera edición.
|d Madrid, España : Sexto Piso, [2015]
|z 9788416358045
|
| 830 |
|
0 |
|a Narrativa Sexto Piso.
|
| 856 |
4 |
0 |
|3 Digitalia Hispánica
|u https://www.digitaliapublishing.com/a/81280/
|
| 910 |
|
|
|a Premium collection: 2023
|